Principles and practice of surgery : (Record no. 132579)
[ view plain ]
| 000 -LEADER | |
|---|---|
| fixed length control field | 00884nam a22002537a 4500 |
| 005 - DATE AND TIME OF LATEST TRANSACTION | |
| control field | 20170124110156.0 |
| 010 ## - LIBRARY OF CONGRESS CONTROL NUMBER | |
| LC control number | A-302855 |
| 020 ## - INTERNATIONAL STANDARD BOOK NUMBER | |
| Terms of availability | 00.00 |
| International Standard Book Number | 0443038058 |
| 035 ## - SYSTEM CONTROL NUMBER | |
| System control number | A-302855 |
| 037 ## - SOURCE OF ACQUISITION | |
| Source of stock number/acquisition | Cen Lib/Ret |
| 040 ## - CATALOGING SOURCE | |
| Original cataloging agency | DPL |
| Language of cataloging | EN |
| 082 ## - DEWEY DECIMAL CLASSIFICATION NUMBER | |
| Classification number | 617 |
| Item number | FOR |
| 100 ## - MAIN ENTRY--PERSONAL NAME | |
| Personal name | Forrest, A. P. M |
| 9 (RLIN) | 35165 |
| 245 ## - TITLE STATEMENT | |
| Title | Principles and practice of surgery : |
| Statement of responsibility, etc | by A. P. M. Forrest, David C. Carter [and] I. B. Macleod |
| Remainder of title | a surgical supplement to Davidson's Principles and practice of medicine / |
| 260 ## - PUBLICATION, DISTRIBUTION, ETC. (IMPRINT) | |
| Place of publication, distribution, etc | Edinberg |
| Name of publisher, distributor, etc | English Language Book Society |
| Date of publication, distribution, etc | 1985 |
| 270 ## - ADDRESS | |
| Address | Robert stevention hose, 1-3 baxter's place |
| City | Edinberg |
| 300 ## - PHYSICAL DESCRIPTION | |
| Extent | ix,672p. : |
| Dimensions | 23cm(Hb) |
| Other physical details | ill. |
| 500 ## - GENERAL NOTE | |
| General note | includes index |
| 650 ## - SUBJECT ADDED ENTRY--TOPICAL TERM | |
| Topical term or geographic name as entry element | Surgery |
| 9 (RLIN) | 72845 |
| 650 ## - SUBJECT ADDED ENTRY--TOPICAL TERM | |
| Topical term or geographic name as entry element | Surgery, Operative |
| 9 (RLIN) | 35167 |
| 700 ## - ADDED ENTRY--PERSONAL NAME | |
| Personal name | Carter, David C |
| 9 (RLIN) | 35168 |
| 700 ## - ADDED ENTRY--PERSONAL NAME | |
| Personal name | Macleod, I. B |
| 9 (RLIN) | 35169 |
| 942 ## - ADDED ENTRY ELEMENTS (KOHA) | |
| Source of classification or shelving scheme | Dewey Decimal Classification |
| Koha item type | English Books |
| Classification part | 617 |
| Call number suffix | FOR |
| Withdrawn status | Lost status | Damaged status | Not for loan | Home library | Current library | Date acquired | Source of acquisition | Cost, normal purchase price | Total Checkouts | Full call number | Barcode | Date last seen | Copy number | Cost, replacement price | Price effective from | Koha item type |
|---|---|---|---|---|---|---|---|---|---|---|---|---|---|---|---|---|
| Central Library | Central Library | 23/07/2015 | Cen Lib/Ret | 0.00 | 617 FOR | A-302855 | 23/07/2015 | 1 | 0.00 | 23/07/2015 | English Books |
